अन्धायुग (Record no. 76042)

MARC details
000 -LEADER
fixed length control field 00412nam a2200145Ia 4500
008 - FIXED-LENGTH DATA ELEMENTS--GENERAL INFORMATION
fixed length control field 230917s9999||||xx |||||||||||||| ||und||
040 ## - CATALOGING SOURCE
-- 185378
Original cataloging agency VIVEKANANDA LIBRARY
041 ## - Language
-- English
082 ## - DDC NUMBER
Classification number 891.433 B469A
100 ## - MAIN ENTRY--PERSONAL NAME
Personal name भारती, धर्मवीर
245 #0 - TITLE STATEMENT
Title अन्धायुग
260 ## - PUBLICATION, DISTRIBUTION, ETC. (IMPRINT)
Place of publication, distribution, etc नई दिल्ली
Name of publisher, distributor, etc किताब महल
Date of publication, distribution, etc 1993
300 ## - PHYSICAL DESCRIPTION
Pages 100 पृ. p.
942 ## - ADDED ENTRY ELEMENTS (KOHA)
Koha item type Hindi Books
Holdings
Withdrawn status Lost status Damaged status Not for loan Location (home branch) Sublocation or collection (holding branch) Date acquired Koha issues (times borrowed) Koha full call number Accession No. Koha date last seen Koha item type Source of classification or shelving scheme
        VIVEKANANDA LIBRARY VIVEKANANDA LIBRARY 20/06/2011   891.433 B469A 151364 17/09/2023 Hindi Books  
Withdrawn   Damaged   VIVEKANANDA LIBRARY VIVEKANANDA LIBRARY 20/06/2011   891.433 B469A 151366 17/09/2023 Hindi Books Dewey Decimal Classification
        VIVEKANANDA LIBRARY VIVEKANANDA LIBRARY 20/06/2011 1 891.433 B469A 151369 25/06/2025 Hindi Books  
© Designed and Maintained by Vivekananda Library, MDU Rohtak